Symbole pierwiastków chemicznych - Statystyki

Ogólne statystyki
  • Ten quiz został rozwiązany 58 razy
  • Średni wynik to 14 z 15
Statystyki odpowiedzi
Hint Odpowiedź % Poprawnych
H Wodór
100%
Mg Magnez
98%
K Potas
98%
Pb Ołów
96%
Cl Chlor
94%
Ag Srebro
94%
Au Złoto
94%
Ca Wapń
93%
Fe Żelazo
91%
Ba Bar
89%
Al Glin
89%
Si Krzem
89%
Hg Rtęć
87%
Cr Chrom
83%
Sr Stront
54%
Nie znaleziono quizów pasujących do podanych kryteriów
Rozkład punktacji
Procent ludzi z każdym wynikiem
Percentyl według liczby udzielonych odpowiedzi
Twoja historia wyników
Nie rozwiązałeś tego quizu